Lady Antebellum Charting Songs (Billboard Hot 100) - Statistics

General Stats
  • This quiz has been taken 32 times
    19 since last reset
  • The average score is 8 of 21
Answer Stats
Album Weeks On Peak Song % Correct
Need You Now 60 Weeks #2 Need You Now
100%
Own the Night 42 Weeks #7 Just a Kiss
73%
747 20 Weeks #31 Bartender
67%
Lady Antebellum 21 Weeks #27 I Run to You
53%
Ocean (Deluxe Edition) 14 Weeks #33 Champagne Night
47%
Golden 20 Weeks #29 Downtown
47%
Ocean 21 Weeks #40 What If I Never Get Over You
47%
Need You Now 20 Weeks #25 American Honey
40%
Need You Now 20 Weeks #58 Hello World
33%
What a Song Can Do (Chapter One) 3 Weeks #85 Like a Lady
33%
Lady Antebellum 15 Weeks #67 Lookin' for a Good Time
33%
Lady Antebellum 18 Weeks #53 Love Don't Live Here
33%
Need You Now 20 Weeks #51 Our Kind of Love
33%
Heart Break 20 Weeks #59 You Look Good
33%
Golden 20 Weeks #46 Compass
27%
Own the Night 19 Weeks #46 Dancin' Away With My Heart
27%
Own the Night 5 Weeks #34 Wanted You More
27%
Own the Night 20 Weeks #31 We Owned the Night
27%
Golden 11 Weeks #80 Goodbye Town
20%
Need You Now 1 Week #72 Ready to Love Again
13%
Need You Now 1 Week #93 Love This Pain
7%
No matching quizzes found
Score Distribution
Percent of People with Each Score
Percentile by Number Answered
Your Score History
You have not taken this quiz since the last reset